| 000 | 00738nam a2200241Ia 4500 | ||
|---|---|---|---|
| 003 | OSt | ||
| 005 | 20220923214259.0 | ||
| 006 | a|||||r|||| 00| 0 | ||
| 007 | ta | ||
| 008 | 220922b |||||||| |||| 00| 0 hin d | ||
| 024 | _a168,388 | ||
| 037 | _cTextual | ||
| 040 |
_aARTS _cARTS _bhin |
||
| 041 |
_2hin _ahin |
||
| 082 | _aO152,1M66x, J1.2 | ||
| 100 |
_aरत्नाकर, जगन्नाथदास _9156285 |
||
| 245 | 0 | _aरत्नाकर भाग 1,2 | |
| 246 | _aRatnākar bhāg 1,2 | ||
| 260 | _c1951 | ||
| 650 |
_aहिन्दी साहित्य _9156264 |
||
| 942 |
_hO152,1M66x, J1.2 _cTEXL _2CC |
||
| 999 |
_c322858 _d322858 |
||